[Event "AUTO-INT-3609"]
[Site "http://www.queenalice.com/game.php?id=1634770"]
[Date "2020.11.29"]
[Round "1"]
[White "Arbustov"]
[Black "SGF"]
[Result "1-0"]
[WhiteElo "1672"]
[BlackElo "1619"]

1. d4 e6 2. Nf3 Qf6 3. e3 d5 4. c4 Bb4+ 5. Bd2 Bxd2+ 6. Nbxd2 dxc4 7. Bxc4 c6 8.
O-O b5 9. Bb3 a5 10. Ne4 Qe7 11. a3 a4 12. Ba2 f6 13. Nc5 e5 14. d5 Qxc5 15.
dxc6 Nxc6 16. Rc1 Qb6 17. Qd5 Bd7 18. Rfd1 O-O-O 19. Qf7 g6 20. Be6 Qa7 21.
Rxc6+ Kb8 22. Bxd7 Rxd7 23. Rxd7 Nh6 24. Rxa7 Nxf7 25. Rxf7 e4 26. Nd4 Rd8 27.
Rfxf6 Kb7 28. Rf7+ Kb8 29. Rcf6 b4 30. Rf8 Rxf8 31. Rxf8+ Kb7 32. Rf7+ Kb6 33.
Rxh7 bxa3 34. bxa3 Kc5 35. Ra7 Kc4 36. Rxa4+ Kd3 37. Kf1 Kd2 38. g3 g5 39. h4
gxh4 40. gxh4 Kd3 41. h5 Kd2 42. h6 Kd3 43. Ke1 Kc3 44. h7 Kd3 45. h8=Q Kc3 46.
Nb5+ Kb3 47. Rb4+ Ka2 48. Qb2# 1-0

[Event "AUTO-INT-3609"]
[Site "http://www.queenalice.com/game.php?id=1634771"]
[Date "2020.11.29"]
[Round "1"]
[White "SGF"]
[Black "Arbustov"]
[Result "0-1"]
[WhiteElo "1634"]
[BlackElo "1657"]

1. d4 d5 2. c3 Nf6 3. f3 Bf5 4. g4 Bg6 5. h4 h5 6. g5 Nfd7 7. Nd2 e5 8. Qa4 a6
9. dxe5 b5 10. Qa5 Nc6 11. b4 Nxa5 12. bxa5 Nxe5 13. Nb3 c5 14. f4 c4 15. fxe5
cxb3 16. axb3 b4 17. Bd2 bxc3 18. Bxc3 Qb8 19. b4 Bxb4 20. Bxb4 Qxb4+ 21. Kf2
Qd4+ 22. e3 Qxa1 23. Ne2 O-O 24. Bg2 Qxe5 25. Rd1 Be4 26. Bxe4 dxe4 27. Ng3 g6
28. Rd4 Qxa5 29. Nxe4 Rad8 30. Nf6+ Kg7 31. Kf3 Rxd4 32. exd4 Rd8 33. Ke4 Qe1+
34. Kd3 Qxh4 35. Ne4 Qh3+ 36. Kc4 Qe6+ 37. Kd3 Qxe4+ 38. Kxe4 h4 39. d5 h3 40.
Kf3 Rxd5 41. Kg3 Rd3+ 42. Kh2 a5 43. Kh1 a4 44. Kh2 a3 45. Kh1 Rd2 46. Kg1 a2
47. Kf1 a1=Q# 0-1

[Event "Challenge"]
[Site "http://www.queenalice.com/game.php?id=1634972"]
[Date "2020.12.1"]
[Round "-"]
[White "tariann"]
[Black "Arbustov"]
[Result "1-0"]
[WhiteElo "2180"]
[BlackElo "1848"]

1. e4 e5 2. Nf3 d6 3. Bc4 Nf6 4. Ng5 d5 5. exd5 Nxd5 6. Nxf7 Kxf7 7. Qf3+ Ke6 8.
d4 c6 9. Nc3 Bb4 10. O-O Bxc3 11. bxc3 Qf6 12. Qe4 Kd6 13. Re1 Kc7 14. Bxd5 cxd5
15. Qxd5 Nc6 16. dxe5 Qe6 17. Qe4 Bd7 18. Ba3 Rae8 19. f4 Qg6 20. Qd5 Qe6 21. c4
Kb8 22. Rab1 Qxd5 23. cxd5 Nd8 24. e6 Ba4 25. c4 Bc2 26. Rb2 Bf5 27. h3 b6 28.
g4 Bd3 29. c5 b5 30. f5 Bc4 31. d6 Nc6 32. Rd2 Rc8 33. d7 Rc7 34. e7 Bf7 35.
e8=Q+ Bxe8 36. Rxe8+ 1-0

[Event "Challenge"]
[Site "http://www.queenalice.com/game.php?id=1634975"]
[Date "2020.12.1"]
[Round "-"]
[White "franz_onelt501"]
[Black "Arbustov"]
[Result "0-1"]
[WhiteElo "1814"]
[BlackElo "1706"]

1. e4 e5 2. Bc4 Nf6 3. d3 Nc6 4. Nf3 h6 5. h3 Bb4+ 6. c3 Ba5 7. b4 Bb6 8. Be3
Bxe3 9. fxe3 d6 10. Bb5 Bd7 11. Nbd2 O-O 12. a4 Ne7 13. Bc4 d5 14. exd5 Nexd5
15. Nxe5 Nxe3 16. Qb3 Nxc4 17. Ndxc4 Be6 18. d4 Bd5 0-1

[Event "Challenge"]
[Site "http://www.queenalice.com/game.php?id=1635056"]
[Date "2020.12.2"]
[Round "-"]
[White "jenyasm"]
[Black "Arbustov"]
[Result "0-1"]
[WhiteElo "1656"]
[BlackElo "1789"]

1. e4 e5 2. Nf3 d6 3. Bc4 h6 4. O-O Nf6 5. Nc3 c6 6. a4 Bg4 7. h3 Bh5 8. Be2
Nbd7 9. d3 Be7 10. b3 O-O 11. Bd2 Nc5 12. Be3 Qb6 13. Na2 Qc7 14. b4 Nxa4 15. c3
Nb6 16. c4 Nbd7 17. Nc3 a6 18. Nh4 Bxe2 19. Qxe2 g5 20. Nf5 Qd8 21. Nxh6+ Kh7
22. Nf5 Rg8 23. Qd2 Nh5 24. g4 Nf4 25. Bxf4 exf4 26. Qe2 Kg6 27. f3 Rh8 28. Kg2
Bf6 29. Rac1 Be5 30. Qd2 b5 31. c5 dxc5 32. bxc5 Nxc5 33. Rfd1 Nb3 0-1

[Event "Challenge"]
[Site "http://www.queenalice.com/game.php?id=1635276"]
[Date "2020.12.3"]
[Round "-"]
[White "Arbustov"]
[Black "franz_onelt501"]
[Result "1-0"]
[WhiteElo "1731"]
[BlackElo "1772"]

1. d4 Nf6 2. e3 c5 3. Nf3 d5 4. c4 cxd4 5. Nxd4 e5 6. Nf3 e4 7. Nd4 Nc6 8. a3
Nxd4 9. Qxd4 dxc4 10. Qxd8+ Kxd8 11. Bxc4 Ke7 12. O-O Be6 13. Nd2 Rd8 14. Bxe6
Kxe6 15. f3 Rd3 16. Nxe4 Nxe4 17. fxe4 Bc5 18. b4 Bb6 19. Kf2 Rhd8 20. Kf3 g5
21. Re1 h5 22. Ra2 Rf8 23. Rd2 Rb3 24. g3 f5 25. Rd5 g4+ 26. Ke2 fxe4 27. Rxh5
Rf3 28. Kd1 Rd3+ 29. Ke2 Bxe3 30. Bxe3 Rfxe3+ 31. Kf2 Rd2+ 32. Kxe3 1-0

[Event "AUTO-ADV-4431"]
[Site "http://www.queenalice.com/game.php?id=1635471"]
[Date "2020.12.5"]
[Round "1"]
[White "Arbustov"]
[Black "holandes"]
[Result "0-1"]
[WhiteElo "1878"]
[BlackElo "1864"]

1. e4 e5 2. Nf3 Nc6 3. Bc4 Nd4 4. Nxd4 exd4 5. d3 a5 6. a3 Bc5 7. Bf4 Ne7 8. Nd2
h6 9. Qf3 O-O 10. Qg3 Ng6 11. e5 Qe8 12. Ne4 Qe7 13. O-O Kh7 14. Bd2 Nxe5 15.
Bb3 c6 16. Rae1 f6 17. f4 Ng6 18. f5 Ne5 19. Nf2 d5 20. Ng4 Bd6 21. Bf4 Bxf5 22.
Bxe5 fxe5 23. Nxe5 Qf6 24. Nd7 Bxg3 25. Nxf6+ Rxf6 26. hxg3 Kg6 27. Rf4 a4 28.
Ba2 b5 29. Rxd4 Rd8 30. Rf4 c5 31. Re5 c4 32. dxc4 dxc4 33. Rxb5 Bxc2 34. Bxc4
Rd1+ 35. Kh2 Rd2 36. Bd5 Rd6 37. Be4+ Bxe4 38. Rxe4 Ra6 39. Rbb4 Kf5 40. Rf4+
Kg5 41. Rxa4 Rxa4 42. Rxa4 Rxb2 43. Kh3 Rb3 44. Ra8 h5 45. Ra5+ Kh6 46. a4 Ra3
47. Kh4 g6 48. g4 hxg4 49. Kxg4 Ra2 50. g3 g5 51. Ra6+ Kg7 52. Kxg5 Rg2 53. g4
Rg3 54. a5 Ra3 55. Ra7+ Kf8 56. Kg6 Ke8 57. g5 Kd8 58. Kg7 Kc8 59. g6 Kb8 60.
Rf7 Rxa5 61. Kh6 Ra6 62. Kg5 Ra5+ 63. Rf5 Ra7 64. Rf7 Ra5+ 0-1

[Event "AUTO-ADV-4431"]
[Site "http://www.queenalice.com/game.php?id=1635472"]
[Date "2020.12.5"]
[Round "1"]
[White "holandes"]
[Black "Arbustov"]
[Result "0-1"]
[WhiteElo "1814"]
[BlackElo "1849"]

1. e4 e5 2. Nc3 Bb4 3. Nd5 Bc5 4. a4 a6 5. Nf3 d6 6. h3 h6 7. c3 Nf6 8. d3 Nxd5
9. exd5 Nd7 10. Be2 Nf6 11. c4 Bf5 12. O-O O-O 13. Bd2 Bxd3 14. Bxd3 e4 15. Bxh6
gxh6 16. Bxe4 Nxe4 17. Nd4 Qg5 18. Kh2 Kh8 19. Qd3 Qe5+ 20. f4 Qxd4 21. Qxd4+
Bxd4 22. Ra2 Bc5 23. Re1 Rae8 24. Raa1 Nd2 25. Rad1 Nxc4 26. b3 Rxe1 27. Rxe1
Nd2 28. Re7 Bb6 29. b4 a5 30. b5 Kg7 31. h4 Kf6 32. Rd7 Re8 33. Kh3 h5 34. g4
Re3+ 35. Kg2 hxg4 36. h5 Rh3 0-1

[Event "AUTO-ADV-4431"]
[Site "http://www.queenalice.com/game.php?id=1635473"]
[Date "2020.12.5"]
[Round "1"]
[White "Arbustov"]
[Black "Bigchess"]
[Result "1-0"]
[WhiteElo "1845"]
[BlackElo "1817"]

1. d4 d5 2. Nf3 e6 3. Bf4 Nf6 4. e3 Bd6 5. Be5 Nc6 6. Bxd6 cxd6 7. Nc3 O-O 8.
Be2 Re8 9. O-O e5 10. dxe5 dxe5 11. h3 e4 12. Nd4 Nxd4 13. Qxd4 Bf5 14. Rad1 Be6
15. f4 exf3 16. Bxf3 b6 17. Ne2 Qe7 18. Ng3 Red8 19. Qh4 a5 20. Qd4 Qd6 21. Nh5
Nxh5 22. Bxh5 Qg3 23. Bg4 Bxg4 24. hxg4 Rab8 25. Rf3 Qd6 26. Rdf1 Rb7 27. Rf5
Qg6 28. Rxd5 Rf8 29. Rd8 Rb8 30. Rd6 Qxc2 31. Rxb6 Ra8 32. Rd6 Rab8 33. Rb6 Ra8
34. a3 h6 35. Qf4 a4 36. g5 hxg5 37. Qxg5 Qd2 38. Rb4 Rfe8 39. Rf3 Qd7 40. Rg3
f5 41. Rd4 Qe7 42. Qxf5 Ra6 43. Rd7 Qf8 44. Qxf8+ Rxf8 45. Rgxg7+ 1-0

[Event "AUTO-ADV-4431"]
[Site "http://www.queenalice.com/game.php?id=1635474"]
[Date "2020.12.5"]
[Round "1"]
[White "Bigchess"]
[Black "Arbustov"]
[Result "1/2-1/2"]
[WhiteElo "1781"]
[BlackElo "1838"]

1. d4 d5 2. Nf3 Bg4 3. Nc3 Nf6 4. e3 e6 5. Be2 Nbd7 6. Bd2 Bd6 7. a3 O-O 8. Nb5
Ne4 9. Nxd6 Nxd6 10. Rb1 Re8 11. O-O e5 12. dxe5 Bxf3 13. exd6 Bxe2 14. dxc7
Qxc7 15. Qxe2 Qxc2 16. Rfc1 Qf5 17. Qd1 Nf6 18. f4 Qd7 19. Qf3 Ne4 20. Be1 f5
21. Bc3 Rad8 22. Bd4 Nd2 23. Qg3 Nxb1 24. Rxb1 b6 25. b4 Re7 26. Bf6 g6 27. Bxe7
Qxe7 28. Qe1 d4 29. exd4 Qxe1+ 30. Rxe1 Rxd4 31. g3 Rd7 1/2-1/2

[Event "AUTO-ADV-4431"]
[Site "http://www.queenalice.com/game.php?id=1635475"]
[Date "2020.12.5"]
[Round "1"]
[White "Arbustov"]
[Black "forever"]
[Result "1-0"]
[WhiteElo "1770"]
[BlackElo "1855"]

1. e4 e5 2. Nf3 d6 3. Bc4 h6 4. Nc3 c6 5. d3 Nf6 6. h3 d5 7. exd5 cxd5 8. Bb5+
Nc6 9. Nxe5 Qe7 10. d4 a6 11. Bxc6+ bxc6 12. O-O Qd6 13. Bf4 1-0

[Event "AUTO-ADV-4431"]
[Site "http://www.queenalice.com/game.php?id=1635476"]
[Date "2020.12.5"]
[Round "1"]
[White "forever"]
[Black "Arbustov"]
[Result "0-1"]
[WhiteElo "1876"]
[BlackElo "1749"]

1. d4 d5 2. c4 e6 3. Nf3 h6 4. Nc3 Nf6 5. Qc2 Bb4 6. e3 Nc6 7. a3 Bxc3+ 8. bxc3
O-O 9. Bd3 Re8 10. Bb2 e5 11. O-O e4 0-1

[Event "Challenge"]
[Site "http://www.queenalice.com/game.php?id=1635614"]
[Date "2020.12.6"]
[Round "-"]
[White "franz_onelt501"]
[Black "Arbustov"]
[Result "1-0"]
[WhiteElo "1801"]
[BlackElo "1789"]

1. e4 Nc6 2. Nf3 d6 3. Bb5 Bd7 4. d4 a6 5. Bd3 e5 6. dxe5 dxe5 7. O-O Bc5 8. Bc4
h6 9. Bxf7+ Kxf7 10. Nxe5+ Nxe5 11. Qd5+ Ke8 12. Qxc5 Nc6 13. Nc3 Qe7 14. Qh5+
Qf7 15. Qh4 g5 16. Bxg5 Nce7 17. Be3 Ng6 18. Qg3 Rc8 19. f4 Nf6 20. f5 Ne7 21.
Qe5 Qg7 22. Nd5 Rg8 23. Nxf6+ Kd8 24. Ng4 Qxg4 25. Rf2 Qh5 26. Rd2 c6 27. Rad1
Nd5 28. exd5 c5 29. Qf6+ Ke8 30. Re1 1-0

[Event "Challenge"]
[Site "http://www.queenalice.com/game.php?id=1637216"]
[Date "2020.12.21"]
[Round "-"]
[White "jorm"]
[Black "Arbustov"]
[Result "0-1"]
[WhiteElo "1822"]
[BlackElo "1864"]

1. e4 c5 2. Nc3 Nf6 3. h3 a6 4. Bc4 d6 5. d4 b5 6. Be2 cxd4 7. Qxd4 e5 8. Qd3 h6
9. a3 Bb7 10. Bd2 Be7 11. Nd5 Nbd7 12. h4 Nc5 13. Nxf6+ Bxf6 14. Qh3 Nxe4 15.
Bf3 Qc7 16. Bxe4 Bxe4 17. c3 O-O 18. O-O-O Qc4 19. Re1 Bh7 20. Kd1 Bd3 21. Re3
e4 22. Ne2 Qb3+ 23. Ke1 Qxb2 24. Nc1 Bxc3 25. Nxd3 Qxd2+ 26. Kf1 exd3 27. g3
Rfe8 28. Rxe8+ Rxe8 29. Kg2 Bd4 30. Rf1 Qe2 31. Qh1 d2 0-1

[Event "Challenge"]
[Site "http://www.queenalice.com/game.php?id=1638206"]
[Date "2020.12.30"]
[Round "-"]
[White "Arbustov"]
[Black "BOY2020"]
[Result "0-1"]
[WhiteElo "1860"]
[BlackElo "1975"]

1. b4 d5 2. Bb2 e6 3. e3 Nf6 4. a3 c5 5. bxc5 Bxc5 6. Nf3 O-O 7. d4 Be7 8. Bd3
Qb6 9. Bc3 Bd7 10. Qd2 Ne4 11. Bxe4 dxe4 12. Ne5 a5 13. Nxd7 Nxd7 14. O-O Nf6
15. Qe1 Rfc8 16. Ra2 Qa6 17. Bd2 Nd5 18. Nc3 Nxc3 19. Bxc3 Qc4 20. Qb1 Qxc3 21.
Qxb7 Bxa3 22. Qxe4 a4 23. h4 Bb2 24. Rb1 a3 25. Rbxb2 axb2 26. Rxa8 b1=Q+ 27.
Kh2 Qbxc2 0-1